| 000 | 00342nam a2200133Ia 4500 | ||
|---|---|---|---|
| 008 | 210210b1986 xxu||||| |||| 00| 0 eng d | ||
| 082 | _a346 MATM | ||
| 100 | _aMATHEW (P D) & BAKSHI (P M). | ||
| 245 | _aMuslim marriage and divorce. | ||
| 260 |
_aND _bIndian social institute _c1986 |
||
| 300 | _a26 | ||
| 690 | _aPrivate Law | ||
| 906 | _a038895 | ||
| 999 |
_c88866 _d88866 |
||